| 000 | 00000nam 2200000zi 4500 |
| 001 | 9.934232 |
| 003 | CaOODSP |
| 005 | 20241223105011 |
| 006 | m o d f |
| 007 | cr cn||||||||| |
| 008 | 240220t20242024onc o f000 0 iku d |
| 020 | |a9780660703084|z9780660703091 |
| 040 | |aCaOODSP|bfre|erda|cCaOODSP |
| 043 | |an-cn--- |
| 086 | 1 |aH14-581/2024Iku4-PDF|zH14-581/2024Iku4 |
| 245 | 00|a[Prévention et traitement de la syphilis] : |b[conseils pour les organismes communautaires]. |
| 250 | |a[Édition inuktitut (Baffin du Sud)]. |
| 264 | 1|a[Ottawa] : |b[Agence de santé publique du Canada], |c2024. |
| 264 | 4|c©2024 |
| 300 | |a1 ressource en ligne (2 pages non numérotées) |
| 336 | |atexte|btxt|2rdacontent/fre |
| 337 | |ainformatique|bc|2rdamedia/fre |
| 338 | |aressource en ligne|bcr|2rdacarrier/fre |
| 500 | |aTitre de départ. |
| 500 | |aTitre français fourni par l’éditeur. |
| 500 | |aLe fichier de publication en format PDF a été remplacé le 07-11-2024 à la requête de Santé Canada. |
| 500 | |aPublié aussi en français sous le titre : Prévention et traitement de la syphilis : conseils pour les organismes communautaires. |
| 546 | |aTexte en inuktitut (Baffin du Sud). |
| 650 | 6|aSyphilis|zCanada|xPrévention. |
| 650 | 6|aSyphilis|xTraitement|zCanada. |
| 710 | 2 |aAgence de santé publique du Canada, |eorganisme de publication. |
| 775 | 08|tPrévention et traitement de la syphilis : |w(CaOODSP)9.933993 |
| 788 | |t[Syphilis prevention and care] : |eeng|w(CaOODSP)9.934001 |
| 856 | 40|qPDF|s217 Ko|uhttps://publications.gc.ca/collections/collection_2024/sc-hc/H14-581-2024-4-iku.pdf |
| 986 | |a230799 |